| 000 | 01412nam a22003497a 4500 | ||
|---|---|---|---|
| 001 | 0007761 | ||
| 003 | KOHA_MİRAKIL | ||
| 005 | 20260207001610.0 | ||
| 007 | ta | ||
| 008 | 070817b2008 us |||gr||||#||||0|eng | | ||
| 020 |
_a9780821370018 _c0,01 |
||
| 040 |
_aTR-BiSEU _btur _cTR-BiSEU _erda |
||
| 041 | 0 | _aeng | |
| 044 | _cus | ||
| 050 |
_aHG4538.5 _b.N44 2008 |
||
| 245 | 1 |
_aNeeds of the present, challenges for the future/ _cTheodore H. Moran, Gerald T. West, and Keith Martin, editors. |
|
| 264 | 1 |
_aWashington, D.C. : _bWorld Bank _c2008 |
|
| 300 | _av.xxi, 271 sayfa: resimli | ||
| 336 |
_ametin _btxt _2rdacontent |
||
| 337 |
_aaracısız _bn _2rdamedia |
||
| 338 |
_acilt _bnc _2rdacarrier |
||
| 490 | 1 |
_aInternational political risk management ; _vv. |
|
| 490 | 1 | _a4 | |
| 500 | _aKaynakça var. | ||
| 500 | _a"Based on a symposium held November 5, 2006, under the joint auspices of the Multilateral Investment Guarantee Agency (MIGA) of the World Bank Group and the Karl F. Landegger Program in International Business Diplomacy at the School of Foreign Service, Georgetown University"--Preface. | ||
| 650 | 0 |
_aInvestment guaranty insurance--Congresses. _919278 |
|
| 650 | 0 |
_aRisk (Insurance)--Congresses. _919279 |
|
| 650 | 0 |
_aRisk management--Political aspects--Congresses. _919280 |
|
| 830 | 1 |
_aInternational political risk management ; _vv. _919281 |
|
| 830 | 1 |
_a4 _98177 |
|
| 942 |
_2lcc _cBK |
||
| 999 |
_c7738 _d7738 |
||